[Event "SVK-chT2C 1516"]
[Site "Slovakia"]
[Date "2016.03.13"]
[Round "11.6"]
[White "Pasztor, Ladislav"]
[Black "Kasas, Ladislav"]
[Result "1/2-1/2"]
[WhiteElo "1924"]
[BlackElo "1998"]
[PlyCount "49"]
[EventDate "2015.10.17"]
[EventType "team-tourn"]
[EventRounds "11"]
[EventCountry "SVK"]
[SourceTitle "EXT 2017"]
[Source "ChessBase"]
[SourceDate "2016.10.25"]
[SourceVersion "1"]
[SourceVersionDate "2016.10.25"]
[SourceQuality "1"]
[WhiteTeam "Cebovce"]
[BlackTeam "Zilina"]
[WhiteTeamCountry "SVK"]
[BlackTeamCountry "SVK"]

1. e4 c5 2. Nf3 d6 3. d4 cxd4 4. Nxd4 Nf6 5. Nc3 a6 6. Be2 e5 7. Nb3 Be7 8. Be3 Be6 9. f3 Qc7 10. 0-0 Nc6 11. Nd5 Bxd5 12. exd5 Na5 13. Nxa5 Qxa5 14. c4 0-0 15. Qe1 Qxe1 16. Rfxe1 Bd8 17. Bd3 g6 18. g4 Nd7 19. Kg2 Bb6 20. Bxb6 Nxb6 21. Re2 Rac8 22. b3 Rfe8 23. h4 Nd7 24. Rae1 Nf6 25. Kg3 1/2-1/2

[Event "SVK-chT2C 1516"]
[Site "Slovakia"]
[Date "2016.02.14"]
[Round "9.7"]
[White "Kupka, Jakub"]
[Black "Kasas, Ladislav"]
[Result "0-1"]
[WhiteElo "1912"]
[BlackElo "1998"]
[PlyCount "112"]
[EventDate "2015.10.17"]
[EventType "team-tourn"]
[EventRounds "11"]
[EventCountry "SVK"]
[SourceTitle "EXT 2017"]
[Source "ChessBase"]
[SourceDate "2016.10.25"]
[SourceVersion "1"]
[SourceVersionDate "2016.10.25"]
[SourceQuality "1"]
[WhiteTeam "Cadca Caissa II"]
[BlackTeam "Zilina"]
[WhiteTeamCountry "SVK"]
[BlackTeamCountry "SVK"]

1. e4 c5 2. Nf3 d6 3. d4 cxd4 4. Nxd4 Nf6 5. Nc3 a6 6. a4 e5 7. Nf3 h6 8. h3 Be6 9. Be3 Be7 10. a5 Nbd7 11. Be2 Rc8 12. 0-0 Nc5 13. Nd2 d5 14. exd5 Nxd5 15. Nxd5 Bxd5 16. c4 Be6 17. b4 Nd7 18. Bf3 Qc7 19. c5 0-0 20. Qc2 Nb8 21. Nc4 Nc6 22. Qc3 e4 23. Bxe4 Bf6 24. Qc2 Nxb4 25. Qe2 Bxa1 26. Rxa1 Nd5 27. Nd6 Rcd8 28. Bxh6 gxh6 29. Qh5 Qxc5 30. Nf5 Qc3 31. Nxh6+ Kg7 32. Ra3 Qxa3 33. Qg5+ Kh8 34. Nxf7+ Rxf7 35. Qxd8+ Qf8 36. Qh4+ Kg8 37. Bxd5 Bxd5 38. Qg5+ Rg7 39. Qxd5+ Qf7 40. Qd8+ Kh7 41. Qh4+ Kg6 42. Qg4+ Kf6 43. Qd4+ Ke6 44. f4 Qf6 45. Qc4+ Kd6 46. Kh2 Qb2 47. Qe4 Qc3 48. Kh1 Re7 49. Qf5 Qe1+ 50. Kh2 Qe4 51. Qf6+ Re6 52. Qd8+ Kc5 53. Qg5+ Kb4 54. f5 Qe5+ 55. Kh1 Rd6 56. Qc1 Kxa5 0-1

[Event "SVK-chT2C 1516"]
[Site "Slovakia"]
[Date "2016.02.13"]
[Round "8.8"]
[White "Kaniok, Jan"]
[Black "Kasas, Ladislav"]
[Result "1/2-1/2"]
[WhiteElo "1916"]
[BlackElo "1998"]
[PlyCount "64"]
[EventDate "2015.10.17"]
[EventType "team-tourn"]
[EventRounds "11"]
[EventCountry "SVK"]
[SourceTitle "EXT 2017"]
[Source "ChessBase"]
[SourceDate "2016.10.25"]
[SourceVersion "1"]
[SourceVersionDate "2016.10.25"]
[SourceQuality "1"]
[WhiteTeam "Dunajov Inbest II"]
[BlackTeam "Zilina"]
[WhiteTeamCountry "SVK"]
[BlackTeamCountry "SVK"]

1. e4 c5 2. Nf3 d6 3. d4 cxd4 4. Nxd4 Nf6 5. Nc3 a6 6. Be2 e5 7. Nb3 Be6 8. Bg5 Nbd7 9. Qd2 Qc7 10. 0-0 Be7 11. Rac1 0-0 12. Kh1 h6 13. Be3 Nb6 14. f4 Nc4 15. Bxc4 Bxc4 16. Rf3 Ng4 17. Bg1 exf4 18. Qxf4 Ne5 19. Rg3 Bg5 20. Rxg5 hxg5 21. Qxg5 Qd8 22. Qg3 Qf6 23. Rd1 Rad8 24. Na5 Rd7 25. Bd4 Be6 26. h3 Qh6 27. Nb3 Ng6 28. Be3 Qh4 29. Qh2 Qe7 30. Qg3 Qh4 31. Qh2 Qe7 32. Qg3 Qh4 1/2-1/2

[Event "SVK-chT2C 1516"]
[Site "Slovakia"]
[Date "2016.01.24"]
[Round "7.5"]
[White "Tkacik, Jan"]
[Black "Kasas, Ladislav"]
[Result "1/2-1/2"]
[WhiteElo "1841"]
[BlackElo "1987"]
[PlyCount "59"]
[EventDate "2015.10.17"]
[EventType "team-tourn"]
[EventRounds "11"]
[EventCountry "SVK"]
[SourceTitle "CBM 170 Extra"]
[Source "ChessBase"]
[SourceDate "2016.02.25"]
[SourceVersion "1"]
[SourceVersionDate "2016.02.25"]
[SourceQuality "1"]
[WhiteTeam "Liptovska Stiavnica"]
[BlackTeam "Zilina"]
[WhiteTeamCountry "SVK"]
[BlackTeamCountry "SVK"]

1. e4 c5 2. c3 d6 3. d4 cxd4 4. cxd4 e6 5. Nf3 Be7 6. Bd3 Nf6 7. 0-0 0-0 8. Nc3 Nc6 9. Re1 e5 10. d5 Nb4 11. Be2 b6 12. a3 Na6 13. b4 Nc7 14. b5 a5 15. Nd2 Nd7 16. Nc4 Rb8 17. Rb1 Ne8 18. f4 Bf6 19. f5 Bg5 20. Bg4 Nc5 21. Be3 Bxe3+ 22. Rxe3 Qe7 23. Nd2 Nd7 24. Na4 Qd8 25. Rc3 f6 26. Rbc1 Nc5 27. Nxc5 dxc5 28. Nc4 Nd6 29. Nxd6 Qxd6 30. a4 1/2-1/2

[Event "SVK-chT2C 1516"]
[Site "Slovakia"]
[Date "2015.11.08"]
[Round "4.6"]
[White "Pitek, Lubomir"]
[Black "Kasas, Ladislav"]
[Result "1/2-1/2"]
[WhiteElo "1844"]
[BlackElo "1998"]
[PlyCount "29"]
[EventDate "2015.10.17"]
[EventType "team-tourn"]
[EventRounds "11"]
[EventCountry "SVK"]
[SourceTitle "CBM 169 Extra"]
[Source "ChessBase"]
[SourceDate "2015.12.18"]
[SourceVersion "1"]
[SourceVersionDate "2015.12.18"]
[SourceQuality "1"]
[WhiteTeam "Rajecke Teplice"]
[BlackTeam "Zilina"]
[WhiteTeamCountry "SVK"]
[BlackTeamCountry "SVK"]

1. e4 c5 2. Bc4 d6 3. Nf3 e6 4. d4 cxd4 5. Nxd4 Nf6 6. Nc3 a6 7. Bg5 Be7 8. Qd2 Qc7 9. Bb3 Nc6 10. 0-0 Bd7 11. Kh1 h6 12. Bh4 Nxe4 13. Nxe4 Bxh4 14. Nxc6 Bxc6 15. Nxd6+ 1/2-1/2

[Event "SVK-chT2C 1516"]
[Site "Slovakia"]
[Date "2015.10.18"]
[Round "2.8"]
[White "Kasas, Ladislav"]
[Black "Turcan, Richard"]
[Result "1/2-1/2"]
[WhiteElo "1998"]
[BlackElo "1818"]
[PlyCount "54"]
[EventDate "2015.10.17"]
[EventType "team-tourn"]
[EventRounds "11"]
[EventCountry "SVK"]
[SourceTitle "CBM 169 Extra"]
[Source "ChessBase"]
[SourceDate "2015.12.18"]
[SourceVersion "1"]
[SourceVersionDate "2015.12.18"]
[SourceQuality "1"]
[WhiteTeam "Zilina"]
[BlackTeam "Banska Bystrica Veza"]
[WhiteTeamCountry "SVK"]
[BlackTeamCountry "SVK"]

1. e4 e6 2. d4 d5 3. Nd2 Nf6 4. e5 Nfd7 5. Bd3 c5 6. c3 Nc6 7. Ne2 cxd4 8. cxd4 f6 9. exf6 Nxf6 10. 0-0 Bd6 11. Nf3 0-0 12. Bg5 Qb6 13. b3 Nb4 14. Bb1 Bd7 15. Re1 Ne4 16. Bh4 Rac8 17. a3 Nc6 18. Bxe4 dxe4 19. Nd2 Nxd4 20. Nxe4 Be5 21. Ra2 Bc6 22. Nd6 Bf3 23. Nxc8 Rxc8 24. Qd3 Bxe2 25. Raxe2 Nxe2+ 26. Qxe2 Bd4 27. h3 Qxb3 1/2-1/2

[Event "SVK-chT2C 1516"]
[Site "Slovakia"]
[Date "2015.10.17"]
[Round "1.8"]
[White "Topolovsky, Vincent"]
[Black "Kasas, Ladislav"]
[Result "0-1"]
[WhiteElo "1937"]
[BlackElo "1998"]
[PlyCount "106"]
[EventDate "2015.10.17"]
[EventType "team-tourn"]
[EventRounds "11"]
[EventCountry "SVK"]
[SourceTitle "CBM 169 Extra"]
[Source "ChessBase"]
[SourceDate "2015.12.18"]
[SourceVersion "1"]
[SourceVersionDate "2015.12.18"]
[SourceQuality "1"]
[WhiteTeam "Banska Bystrica Kurta"]
[BlackTeam "Zilina"]
[WhiteTeamCountry "SVK"]
[BlackTeamCountry "SVK"]

1. Nf3 c5 2. c4 Nc6 3. Nc3 Nf6 4. d4 cxd4 5. Nxd4 g6 6. g3 Bg7 7. Bg2 0-0 8. 0-0 e6 9. Nb3 b6 10. e4 Ba6 11. Nb5 Ne8 12. f4 Rc8 13. a3 Bxb5 14. cxb5 Ne7 15. Rf2 Nc7 16. Qe2 d5 17. Be3 Qe8 18. a4 dxe4 19. Bxe4 Ncd5 20. Bd4 Bxd4 21. Nxd4 Rc5 22. Nb3 Rc7 23. Rc1 Qc8 24. Rxc7 Qxc7 25. Qd3 Rc8 26. Rc2 Qxc2 27. Qxc2 Rxc2 28. Bxc2 Ne3 29. Nd4 Nxc2 30. Nxc2 Kf8 31. Nd4 Ke8 32. Nf3 f6 33. Kf2 Kd7 34. Ke3 Kd6 35. Kd4 Nf5+ 36. Kc4 Ne3+ 37. Kd3 Nf5 38. g4 Ne7 39. g5 Nd5 40. gxf6 Nxf4+ 41. Ke4 Nd5 42. f7 Ke7 43. Ne5 g5 44. Kf3 h5 45. b4 Kf8 46. a5 Nc7 47. Nd7+ Kxf7 48. Nxb6 Nxb5 49. Nc8 Nd4+ 50. Ke4 Nb5 51. Ke5 g4 52. Nb6 h4 53. Nc4 g3 0-1

[Event "CP-2008-Q-00016"]
[Site "LSS email"]
[Date "2010.01.10"]
[Round "?"]
[White "Kasas, Ladislav"]
[Black "Korchut, Adam"]
[Result "0-1"]
[WhiteElo "2073"]
[BlackElo "2000"]
[PlyCount "102"]
[EventDate "2010.01.15"]
[EventType "tourn (corr)"]
[EventRounds "6"]
[EventCountry "GER"]
[SourceTitle "Telechess CBM 145"]
[Source "Chessbase"]
[SourceDate "2011.11.11"]
[SourceVersion "1"]
[SourceVersionDate "2011.11.11"]
[SourceQuality "1"]

1. e4 e5 2. Nf3 Nf6 3. Nxe5 d6 4. Nf3 Nxe4 5. d4 d5 6. Bd3 Be7 7. 0-0 Nc6 8. c4 Nf6 9. Nc3 dxc4 10. Bxc4 0-0 11. h3 a6 12. Re1 b5 13. Bb3 b4 14. Ne2 Na5 15. Bc2 c5 16. a3 bxa3 17. Rxa3 cxd4 18. Rd3 Bb4 19. Rxd4 Qb6 20. Nc3 Nc6 21. Rc4 Be6 22. Be3 Qb7 23. Rh4 Rfd8 24. Qc1 Be7 25. Bg5 Qb6 26. Bxf6 Bxf6 27. Bxh7+ Kf8 28. Ng5 Ne5 29. Be4 Rab8 30. Rh8+ Ke7 31. Rxd8 Rxd8 32. Nh7 Qb4 33. Nxf6 gxf6 34. Re2 Rd6 35. Qf4 a5 36. Qg3 Kf8 37. Qh4 Bc4 38. Rc2 Bb3 39. Rd2 Rxd2 40. Qh6+ Ke7 41. Qxd2 Be6 42. Nd5+ Bxd5 43. Qxb4+ axb4 44. Bxd5 f5 45. b3 Kd6 46. Bf3 f4 47. Kf1 Nd7 48. Be2 Ke5 49. Bc4 f5 50. Ke2 Nc5 51. h4 Ne4 0-1

[Event "CP-2008-Q-00016"]
[Site "LSS email"]
[Date "2010.01.10"]
[Round "?"]
[White "Szava, Miklos"]
[Black "Kasas, Ladislav"]
[Result "1-0"]
[WhiteElo "2171"]
[BlackElo "2073"]
[PlyCount "42"]
[EventDate "2010.01.15"]
[EventType "tourn (corr)"]
[EventRounds "6"]
[EventCountry "GER"]
[SourceTitle "Telechess CBM 145"]
[Source "Chessbase"]
[SourceDate "2011.11.11"]
[SourceVersion "1"]
[SourceVersionDate "2011.11.11"]
[SourceQuality "1"]

1. e4 c5 2. Nc3 e6 3. g3 Nc6 4. Bg2 g6 5. d3 Bg7 6. Be3 d6 7. f4 Nge7 8. Nf3 0-0 9. 0-0 Nd4 10. Rb1 Qa5 11. a3 Nec6 12. Ne2 Nxf3+ 13. Bxf3 Nd4 14. Bg2 Bd7 15. c4 Rac8 16. Nxd4 cxd4 17. Bd2 Qc7 18. a4 a5 19. b4 axb4 20. Rxb4 Bc6 21. f5 Qe7 1-0

[Event "LSS No Engine Cup Gr01 prel 04 email"]
[Site "LSS email"]
[Date "2009.06.29"]
[Round "?"]
[White "Fetisov, Ilja"]
[Black "Kasas, Ladislav"]
[Result "0-1"]
[WhiteElo "1471"]
[BlackElo "2141"]
[PlyCount "34"]
[EventDate "2009.06.30"]
[EventType "tourn (corr)"]
[EventRounds "6"]
[EventCountry "GER"]
[SourceTitle "Telechess CBM 135"]
[Source "ChessBase"]
[SourceDate "2010.03.17"]
[SourceVersion "1"]
[SourceVersionDate "2010.03.17"]
[SourceQuality "1"]

1. e4 c5 2. d4 cxd4 3. c3 dxc3 4. Nxc3 Nc6 5. Nf3 e6 6. Bc4 h6 7. 0-0 a6 8. Qe2 Nge7 9. Rd1 b5 10. Bb3 Bb7 11. Be3 Ng6 12. Rd2 Qc7 13. Rc1 Be7 14. Nd5 exd5 15. exd5 0-0 16. Qd3 Bb4 17. Rdc2 Qd6 0-1

[Event "LSS No Engine Cup Gr01 prel 04 email"]
[Site "LSS email"]
[Date "2009.06.29"]
[Round "?"]
[White "Kasas, Ladislav"]
[Black "Paetzold, Ortwin"]
[Result "1-0"]
[WhiteElo "2134"]
[BlackElo "1649"]
[PlyCount "55"]
[EventDate "2009.06.30"]
[EventType "tourn (corr)"]
[EventRounds "6"]
[EventCountry "GER"]
[SourceTitle "Telechess CBM 137"]
[Source "ChessBase"]
[SourceDate "2010.07.15"]
[SourceVersion "1"]
[SourceVersionDate "2010.07.15"]
[SourceQuality "1"]

1. e4 e6 2. d4 d5 3. Nd2 Nf6 4. e5 Nfd7 5. Bd3 c5 6. c3 Nc6 7. Ne2 cxd4 8. cxd4 f6 9. exf6 Nxf6 10. Nf3 Bd6 11. 0-0 Qb6 12. b3 0-0 13. Bb2 Bd7 14. Rc1 Rae8 15. Bb1 Nb4 16. Ng3 Qd8 17. Ne5 Bb5 18. Re1 Qb6 19. Qd2 h6 20. Bc3 Nc6 21. Nxc6 Bxc6 22. h3 Bxg3 23. fxg3 e5 24. Bb4 Rf7 25. Bc5 Qd8 26. Bg6 e4 27. Bxf7+ Kxf7 28. Bxa7 1-0

[Event "LSS No Engine Cup Gr01 prel 04 email"]
[Site "LSS email"]
[Date "2009.06.29"]
[Round "?"]
[White "Willoughby, Peter"]
[Black "Kasas, Ladislav"]
[Result "0-1"]
[WhiteElo "710"]
[BlackElo "2141"]
[PlyCount "50"]
[EventDate "2009.06.30"]
[EventType "tourn (corr)"]
[EventRounds "6"]
[EventCountry "GER"]
[SourceTitle "Telechess CBM 135"]
[Source "ChessBase"]
[SourceDate "2010.03.17"]
[SourceVersion "1"]
[SourceVersionDate "2010.03.17"]
[SourceQuality "1"]

1. e4 c5 2. Nf3 d6 3. d4 cxd4 4. Nxd4 Nf6 5. Bd3 a6 6. 0-0 e6 7. Bg5 Be7 8. Nc3 0-0 9. Nce2 b5 10. Bxf6 Bxf6 11. c3 Bb7 12. a4 bxa4 13. Rxa4 Nd7 14. b4 Nb6 15. Ra1 d5 16. exd5 Nxd5 17. Nc2 Nxc3 18. Nxc3 Bxc3 19. Rb1 Qg5 20. f3 Rfd8 21. Qe2 Rd6 22. Be4 Rd2 23. Qxd2 Qxd2 24. Bxb7 Rb8 25. Bxa6 Qxc2 0-1

[Event "LSS SA-2009-0-00064"]
[Site "LSS email"]
[Date "2009.06.19"]
[Round "?"]
[White "De Waele, Willy"]
[Black "Kasas, Ladislav"]
[Result "1/2-1/2"]
[WhiteElo "2040"]
[BlackElo "2137"]
[PlyCount "58"]
[EventDate "2009.05.29"]
[EventType "tourn (corr)"]
[EventRounds "6"]
[EventCountry "GER"]
[SourceTitle "Corr 2011"]
[Source "ChessBase"]
[SourceDate "2010.08.31"]
[SourceVersion "1"]
[SourceVersionDate "2010.08.31"]
[SourceQuality "1"]

1. e4 c5 2. Nf3 d6 3. d4 cxd4 4. Nxd4 Nf6 5. Nc3 a6 6. Bg5 e6 7. f4 Be7 8. Qf3 Qc7 9. 0-0-0 Nbd7 10. g4 b5 11. Bxf6 Nxf6 12. g5 Nd7 13. f5 Nc5 14. h4 b4 15. Nce2 e5 16. Nb3 Nxe4 17. Qxe4 Bb7 18. Rd5 Rc8 19. c3 Qc4 20. Qxc4 Rxc4 21. Bg2 Bxd5 22. Bxd5 Rxh4 23. Rg1 bxc3 24. Nxc3 Rf4 25. Be4 Kf8 26. Kb1 h5 27. Rc1 Bd8 28. Bd3 Rf3 29. Be4 Rf4 1/2-1/2

[Event "LSS SA-2009-0-00064"]
[Site "LSS email"]
[Date "2009.06.19"]
[Round "?"]
[White "Herzog, Klaus"]
[Black "Kasas, Ladislav"]
[Result "1/2-1/2"]
[WhiteElo "2018"]
[BlackElo "2133"]
[PlyCount "54"]
[EventDate "2009.05.29"]
[EventType "tourn (corr)"]
[EventRounds "6"]
[EventCountry "GER"]
[SourceTitle "Corr 2022"]
[Source "ChessBase"]
[SourceDate "2021.10.24"]
[SourceVersion "1"]
[SourceVersionDate "2021.10.24"]
[SourceQuality "1"]

1. e4 c5 2. Nf3 d6 3. d4 cxd4 4. Nxd4 Nf6 5. Nc3 a6 6. Bg5 e6 7. f4 Be7 8. Qf3 Qc7 9. 0-0-0 Nbd7 10. g4 b5 11. Bxf6 Nxf6 12. g5 Nd7 13. f5 Nc5 14. f6 gxf6 15. gxf6 Bf8 16. Rg1 h5 17. Rg7 b4 18. Nd5 exd5 19. exd5 Nd7 20. Nc6 Bb7 21. Bh3 Bxc6 22. dxc6 Ne5 23. Bd7+ Kd8 24. Qe4 Qb6 25. Be6 Kc7 26. Bxf7 Nxc6 27. Kb1 Bxg7 1/2-1/2

[Event "LSS CP-2007-Q-00003"]
[Site "LSS email"]
[Date "2009.01.15"]
[Round "?"]
[White "Luers, Charles J"]
[Black "Kasas, Ladislav"]
[Result "0-1"]
[WhiteElo "1879"]
[BlackElo "2121"]
[PlyCount "88"]
[EventDate "2009.01.15"]
[EventType "tourn (corr)"]
[EventRounds "6"]
[EventCountry "GER"]
[SourceTitle "Corr 2011"]
[Source "ChessBase"]
[SourceDate "2010.08.31"]
[SourceVersion "1"]
[SourceVersionDate "2010.08.31"]
[SourceQuality "1"]

1. e4 c5 2. Nf3 d6 3. d4 cxd4 4. Nxd4 Nf6 5. Nc3 a6 6. Bc4 e6 7. Bb3 Be7 8. f4 0-0 9. 0-0 b5 10. e5 dxe5 11. fxe5 Nfd7 12. Qg4 Nxe5 13. Qe4 Bc5 14. Be3 Nbc6 15. Nxc6 Bxe3+ 16. Qxe3 Nxc6 17. Rad1 Qc7 18. Ne4 Na5 19. Nc5 Qb6 20. Qd4 Nxb3 21. axb3 Bb7 22. Qd6 Bc6 23. b4 Rad8 24. Qf4 Rxd1 25. Rxd1 Rd8 26. Rf1 Qa7 27. Ra1 Qe7 28. Qe3 Rd6 29. h3 e5 30. Rxa6 Rg6 31. g3 Qd8 32. Qd3 Qg5 33. Rxc6 Rxc6 34. Kg2 Rc8 35. h4 Qd8 36. Qxb5 Qd2+ 37. Kh3 Qd1 38. Qb7 Rd8 39. Qg2 f5 40. Ne6 Rd2 41. Qa8+ Kf7 42. Ng5+ Kf6 43. Qc6+ Rd6 44. Nxh7+ Kg6 0-1

[Event "LSS CP-2006-Q-00005"]
[Site "LSS email"]
[Date "2008.01.15"]
[Round "?"]
[White "Kasas, Ladislav"]
[Black "Koslowski, Volker"]
[Result "1/2-1/2"]
[WhiteElo "2120"]
[BlackElo "2266"]
[PlyCount "35"]
[EventDate "2008.01.15"]
[EventType "tourn (corr)"]
[EventRounds "6"]
[EventCountry "GER"]
[SourceTitle "Corr 2022"]
[Source "ChessBase"]
[SourceDate "2021.10.24"]
[SourceVersion "1"]
[SourceVersionDate "2021.10.24"]
[SourceQuality "1"]

1. e4 c5 2. Nf3 d6 3. d4 cxd4 4. Nxd4 Nf6 5. Nc3 a6 6. Bg5 e6 7. f4 Qb6 8. Qd2 Qxb2 9. Rb1 Qa3 10. f5 Nc6 11. fxe6 fxe6 12. Nxc6 bxc6 13. Be2 Be7 14. 0-0 0-0 15. Rb3 Qc5+ 16. Be3 Qe5 17. Bf4 Qc5+ 18. Be3 1/2-1/2

[Event "SVK-chT2B 0506"]
[Site "Slovakia"]
[Date "2006.03.12"]
[Round "11.2"]
[White "Reisel, Frantisek"]
[Black "Kasas, Ladislav"]
[Result "1/2-1/2"]
[WhiteElo "2113"]
[BlackElo "2064"]
[PlyCount "32"]
[EventDate "2005.10.22"]
[EventType "team-tourn"]
[EventRounds "11"]
[EventCountry "SVK"]
[SourceTitle "EXT 2008"]
[Source "ChessBase"]
[SourceDate "2007.11.25"]
[SourceVersion "1"]
[SourceVersionDate "2007.11.25"]
[SourceQuality "1"]

1. d4 Nf6 2. c4 g6 3. Nc3 Bg7 4. e4 d6 5. Nf3 0-0 6. Be2 e5 7. d5 h6 8. 0-0 Ne8 9. Ne1 f5 10. f4 exf4 11. exf5 g5 12. g3 fxg3 13. hxg3 Bxf5 14. Nc2 Be5 15. Nd4 Ng7 16. g4 Bg6 1/2-1/2

[Event "SVK-chT2B 0506"]
[Site "Slovakia"]
[Date "2006.03.11"]
[Round "10.2"]
[White "Kasas, Ladislav"]
[Black "Orgon, Dusan"]
[Result "1/2-1/2"]
[WhiteElo "2064"]
[BlackElo "2122"]
[PlyCount "101"]
[EventDate "2005.10.22"]
[EventType "team-tourn"]
[EventRounds "11"]
[EventCountry "SVK"]
[SourceTitle "EXT 2008"]
[Source "ChessBase"]
[SourceDate "2007.11.25"]
[SourceVersion "1"]
[SourceVersionDate "2007.11.25"]
[SourceQuality "1"]

1. e4 d5 2. exd5 Qxd5 3. Nc3 Qd6 4. Nf3 Nf6 5. Be2 Nc6 6. d3 Bf5 7. 0-0 e6 8. Nh4 Bg6 9. Bf3 a6 10. Nxg6 hxg6 11. g3 0-0-0 12. a3 Be7 13. b4 Ne5 14. Bg2 Neg4 15. h3 Nh6 16. Qf3 c6 17. Be3 Nd7 18. Na4 Bf6 19. Rab1 Nf5 20. Nb6+ Nxb6 21. Bxb6 Rd7 22. a4 Bd4 23. Bxd4 Nxd4 24. Qd1 e5 25. c3 Ne6 26. b5 cxb5 27. axb5 a5 28. Qa4 b6 29. Rfd1 Rhd8 30. Bc6 Rc7 31. Qg4 Kb8 32. Rd2 Qc5 33. c4 Rd4 34. Qe2 Qd6 35. Re1 f6 36. f4 Qc5 37. Kh2 Re7 38. fxe5 Ng5 39. Qf1 Rxe5 40. Rxe5 fxe5 41. h4 Ne6 42. Qf7 Nd8 43. Qxg6 Qe7 44. Bd5 Kc7 45. Rf2 e4 46. dxe4 a4 47. Rf7 Rd2+ 48. Kh3 Nxf7 49. Qc6+ Kd8 50. Qa8+ Kd7 51. Qc6+ 1/2-1/2

[Event "Tatry op"]
[Site "Tatranske Zruby"]
[Date "2005.09.14"]
[Round "6"]
[White "Janos, Ivan"]
[Black "Kasas, Ladislav"]
[Result "1-0"]
[WhiteElo "2147"]
[BlackElo "2064"]
[PlyCount "53"]
[EventDate "2005.09.10"]
[EventType "swiss"]
[EventRounds "9"]
[EventCountry "SVK"]
[SourceTitle "CBM 108 Extra"]
[Source "ChessBase"]
[SourceDate "2005.11.04"]
[SourceVersion "1"]
[SourceVersionDate "2005.11.04"]
[SourceQuality "1"]

1. e4 c5 2. Nf3 d6 3. d4 cxd4 4. Nxd4 Nf6 5. Nc3 a6 6. Be3 e5 7. Nb3 Be7 8. Be2 0-0 9. g4 Be6 10. g5 Nfd7 11. Qd2 Nc6 12. h4 Nb6 13. Nd5 Na4 14. h5 Nc5 15. Nxc5 dxc5 16. g6 Bxd5 17. exd5 Nd4 18. c4 Nf5 19. h6 fxg6 20. hxg7 Nxg7 21. 0-0-0 Nf5 22. Rdg1 Nxe3 23. Qxe3 Rf5 24. Qh3 Bg5+ 25. f4 Rxf4 26. Qxh7+ Kf8 27. Qh8+ 1-0

[Event "Tatry op"]
[Site "Tatranske Zruby"]
[Date "2005.09.11"]
[Round "2"]
[White "Abel, Peter"]
[Black "Kasas, Ladislav"]
[Result "1/2-1/2"]
[WhiteElo "2192"]
[BlackElo "2064"]
[PlyCount "69"]
[EventDate "2005.09.10"]
[EventType "swiss"]
[EventRounds "9"]
[EventCountry "SVK"]
[SourceTitle "CBM 108 Extra"]
[Source "ChessBase"]
[SourceDate "2005.11.04"]
[SourceVersion "1"]
[SourceVersionDate "2005.11.04"]
[SourceQuality "1"]

1. c4 Nf6 2. Nc3 g6 3. g3 Bg7 4. Bg2 0-0 5. e4 c5 6. Nge2 Nc6 7. 0-0 d6 8. d3 a6 9. h3 Rb8 10. f4 Nd4 11. Be3 Nxe2+ 12. Nxe2 b5 13. b3 Bb7 14. Qc2 Nd7 15. Rad1 f5 16. cxb5 axb5 17. d4 Rc8 18. dxc5 Nxc5 19. exf5 Bxg2 20. Kxg2 Rxf5 21. b4 Ne6 22. Qe4 Qd7 23. g4 Rf7 24. Rc1 Nf8 25. Rxc8 Qxc8 26. Rc1 Qd7 27. Kg3 e5 28. Qd5 Qe6 29. Qxe6 Nxe6 30. Rc8+ Rf8 31. Rxf8+ Kxf8 32. fxe5 Bxe5+ 33. Kf3 Ke7 34. Ke4 Kd7 35. Kd5 1/2-1/2

[Event "Tatry op"]
[Site "Tatranske Zruby"]
[Date "2004.09.26"]
[Round "2"]
[White "Macak, Stefan"]
[Black "Kasas, Ladislav"]
[Result "1-0"]
[WhiteElo "2299"]
[BlackElo "2096"]
[PlyCount "45"]
[EventDate "2004.09.25"]
[EventType "swiss"]
[EventRounds "9"]
[EventCountry "SVK"]
[SourceTitle "CBM 102 Extra"]
[Source "ChessBase"]
[SourceDate "2004.11.03"]
[SourceVersion "1"]
[SourceVersionDate "2004.11.03"]
[SourceQuality "1"]

1. e4 c5 2. Nf3 d6 3. d4 cxd4 4. Nxd4 Nf6 5. Nc3 a6 6. Bg5 e6 7. f4 Be7 8. Qf3 Qc7 9. 0-0-0 Nbd7 10. Bd3 Nc5 11. Rhe1 b5 12. e5 Bb7 13. Qg3 dxe5 14. fxe5 Nh5 15. Qh4 g6 16. Bxb5+ axb5 17. Ndxb5 Bxg5+ 18. Qxg5 Qe7 19. Nd6+ Kf8 20. Qe3 Na4 21. Nxa4 Rxa4 22. Qh6+ Kg8 23. Nxb7 1-0

[Event "SVK-chT1W 0304"]
[Site "Slovakia"]
[Date "2003.??.??"]
[Round "4"]
[White "Cvicela, Anton"]
[Black "Kasas, Ladislav"]
[Result "1-0"]
[WhiteElo "2170"]
[BlackElo "2090"]
[PlyCount "83"]
[EventDate "2003.10.??"]
[EventType "team"]
[EventRounds "9"]
[EventCountry "SVK"]
[SourceTitle "EXT 2005"]
[Source "ChessBase"]
[SourceDate "2004.11.15"]
[SourceVersion "1"]
[SourceVersionDate "2004.11.15"]
[SourceQuality "1"]

1. e4 c5 2. Nf3 d6 3. d4 cxd4 4. Nxd4 Nf6 5. Nc3 a6 6. Be3 e5 7. Nb3 Be7 8. f3 Be6 9. Qd2 d5 10. exd5 Nxd5 11. Nxd5 Qxd5 12. Qxd5 Bxd5 13. 0-0-0 Be6 14. Nc5 Bc8 15. Bc4 Nc6 16. Rhe1 0-0 17. Nd7 Rd8 18. Nb6 Rb8 19. Nd5 Bf5 20. g4 Bg6 21. f4 Bh4 22. f5 Na5 23. Bb6 Nxc4 24. Bxd8 Rxd8 25. Re2 Re8 26. b3 Bg5+ 27. Kb1 Na3+ 28. Kb2 Nb5 29. c4 Na7 30. Nc7 Rb8 31. Rd7 Nc6 32. Rf2 Be3 33. fxg6 fxg6 34. Rff7 Bd4+ 35. Kc2 e4 36. Ne6 Ba1 37. Rxb7 Ra8 38. Rbc7 Nd4+ 39. Nxd4 Bxd4 40. Rfe7 e3 41. Rcd7 Kf8 42. Kd3 1-0